000
00303nam a2200121Ia 4500
008
190216s9999||||xx |||||||||||||| ||und||
100
_a
Tomswan
245
0
_a
Mastering Turbo Pascal
260
_b
Bpb Publications
_c
1987
300
_a
450p
650
_a
"Computer Programming. Programs, Data"
942
_c
BK
999
_c
8451
_d
8451